| 000 | 00533nam a2200181 a 4500 | ||
|---|---|---|---|
| 005 | 20220531063702.0 | ||
| 008 | 991125s1971 es 000 0 spa u | ||
| 035 | _aUPN01000004853 | ||
| 049 | _aCG | ||
| 050 | 4 |
_aAC70 _bS2 no.40 |
|
| 100 | 1 |
_aOnetti, Juan Carlos, _d1909-1994 _938630 |
|
| 245 | 1 | 3 |
_aEl astillero / _cJuan Carlos Onetti ; pról. de José Donoro. |
| 260 |
_aNavarra, Esp. : _bSalvat, _c1971. |
||
| 300 | _a166 p. | ||
| 440 | 0 |
_aBiblioteca básica Salvat ; _v40 |
|
| 650 | 7 |
_aLiteratura uruguaya _2 _95065 |
|
| 905 | _aLibro | ||
| 999 |
_c4853 _d4853 |
||